Запорожский медицинский журнал (Запис № 458526)

МАРК-запис
000 -Лідер
fixed length control field 01335nas a22003137a 4500
001 - Контрольний номер
control field 5150386
003 - Ідентифікатор контрольного номера
control field UA-OsUOA
005 - Дата та час останнього входження (трансакції)
control field 20230612114632.0
007 - Фіксоване поле фізичного опису
fixed length control field ta
008 - Елементи даних фіксованої довжини – загальна інформація
fixed length control field 200320c1999 ru br|p| |||| 00| c rus d
022 ## - Міжнародний стандартний серіальний номер (ISSN)
Міжнародний стандартний серіальний номер (ISSN) 2364145
040 ## - Джерело каталогізації
Агенція оригінальної каталогізації UA-OsUOA
Мова каталогізації rus
Агенція, яка здійснювала перезапис UA-OsUOA
Агенція, яка здійснювала модифікацію UA-OsUOA
041 ## - Код мови
Код мови тексту/ звукової доріжки чи окремого заголовка (П) rus
-- eng
080 ## - Індекс Універсальної десяткової класифікації
Індекс Універсальної десяткової класифікації (УДК) (НП) 61
090 ## - Локальний шифр розміщення
Класифікаційний індекс УДК 61
Авторський знак (НП) З-33
099 ## - Місцевий розмір звичайного тексту (OCLC)
Передплатний індекс 90253
110 ## - Наймення організації – загальна інформація
Найменування колективу або юрисдикції як початковий елемент введення Запорожский государственный медицинский университет
245 ## - Відомості про назву
Назва (НП) Запорожский медицинский журнал
Решта назви (НП) научно-практический журнал
Дані про відповідальність (НП) глав. ред. проф. Колесник Ю. М.
246 ## - Інша форма назви
Назва (НП) Zaporozhye Medical Journal
260 ## - Публікація, розповсюдження і т.п. (Вихідні дані)
Місце публікації, розповсюдження і т.п. (П) Запорожье
Дата публікації, розповсюдження і т.п. (П) 1999
310 ## - Поточна періодичність
Поточна періодичність один раз на два місяці
505 ## - Форматована примітка про зміст
Форматована примітка про зміст Научно-практический журнал. Отрасль: медицина и фармация. Издается Запорожским государственным медицинским университетом с 1999 года.
650 ## - Додаткове предметне введення – тематичний термін
Джерело заголовка чи терміна UDC
Тематичний термін чи географічна назва, як елемент введення (НП) 61 Медичні науки
856 40 - Електронне місцезнаходження та доступ
Уніфікований ідентифікатор ресурсу (П) http://zmj.zsmu.edu.ua/
942 ## - Додаткові елементи входу (Коха)
Source of classification or shelving scheme Universal Decimal Classification
Тип елемента Koha Журнал
Serial record 1
955 ## - Код типу видання за змістом
Код типу видання за змістом (НП) Наукові видання
962 ## - Рік початку публікації
Рік 1999
Фонди
Стан вилучень Стан втрат Джерело класифікації або схеми стелажів Стан уражень Не для кредиту Постійне місце розташування Поточне розміщення Дата придбання Послідовне перерахування / хронологія Усього замовленно Повний номер виклику Штрих-код Дата останнього перегляду URI Ціна ефективна від Тип елемента Koha
    Universal Decimal Classification     ВП - Відділ періодики НБ ВП - Відділ періодики НБ 20/03/2020 Vol 22, No1 (118)   61 З-33 5150386 20/03/2020 http://zmj.zsmu.edu.ua/issue/view/11828 20/03/2020 Номер журналу
    Universal Decimal Classification     ВП - Відділ періодики НБ ВП - Відділ періодики НБ 12/05/2020 Vol 22, No 2 (119)   61 З-33 216217300 12/05/2020 http://zmj.zsmu.edu.ua/ 12/05/2020 Номер журналу
    Universal Decimal Classification     ВП - Відділ періодики НБ ВП - Відділ періодики НБ 06/11/2020 Vol 22, No 3 (120)   61 З-33 216219616 06/11/2020 http://zmj.zsmu.edu.ua/issue/view/12396 06/11/2020 Номер журналу
    Universal Decimal Classification     ВП - Відділ періодики НБ ВП - Відділ періодики НБ 06/11/2020 Vol 22, No 4 (121)   61 З-33 216219617 06/11/2020 http://zmj.zsmu.edu.ua/issue/view/12685 06/11/2020 Номер журналу
    Universal Decimal Classification     ВП - Відділ періодики НБ ВП - Відділ періодики НБ 24/11/2020 Vol 22, No 5   61 З-33 216219722 24/11/2020 http://zmj.zsmu.edu.ua/issue/view/13009 24/11/2020 Номер журналу
    Universal Decimal Classification     ВП - Відділ періодики НБ ВП - Відділ періодики НБ 11/01/2021 Vol 22, No 6   61 З-33 216219976 11/01/2021 http://zmj.zsmu.edu.ua/issue/view/13237 11/01/2021 Номер журналу